000
00317nam a22001457a 4500
008
210223b ||||| |||| 00| 0 eng d
020
_a
0393955087
041
_a
eng
080
_a
330
082
_a
330
100
_a
52
101
_a
EKO
245
_a
Economics USA
_c
Mansfield, E & Behravesh, N
942
_2
udc
_c
BK
999
_c
55112
_d
55112